Podlahové teplovodné vykurovanie s OZE

Guardado en:
Detalles Bibliográficos
Autor principal: Beluščák, Denis (Autor)
Otros Autores: Petráš, Dušan (Orientador)
Formato: Manuscrito Libro
Lenguaje:eslovaco
Publicado: 2023
Materias:
Acceso en línea:http://is.stuba.sk/zp/portal_zp.pl?podrobnosti=172520
https://opac.crzp.sk/?fn=detailBiblioForm&sid=C0DEB8E07572332BAC210C15805F
Etiquetas: Agregar Etiqueta
Sin Etiquetas, Sea el primero en etiquetar este registro!

MARC

LEADER 00000ntm a22000003a 4500
001 stuzp93957
003 SK-STU
005 20230914134756.2
007 ta
008 150427s2015----xo-----f-mn---000-0-slo-d
040 |a STU  |b slo 
041 0 |a slo 
100 1 |a Beluščák, Denis  |u 010290  |4 aut  |U SvF Stavebná fakulta  |T SvF Katedra technických zariadení budov  |X 62876  |U V290  |Y 31  |7 62876 
242 0 1 |a Floor warm water heating with RES  |y eng 
245 1 0 |a Podlahové teplovodné vykurovanie s OZE 
260 |c 2023 
650 4 |a obnoviteľné zdroje energie  |2 slo 
650 4 |a podlahové vykurovanie  |2 slo 
650 4 |a tepelné čerpadlo  |2 slo 
650 4 |a renewable energy sources  |2 eng 
650 4 |a heat pump  |2 eng 
650 4 |a floor heating  |2 eng 
700 1 |a Petráš, Dušan  |u 010290  |k Z1  |4 ths  |U SvF Stavebná fakulta  |T SvF Katedra technických zariadení budov  |X 749  |U V290  |Y 31  |7 A000000749 
856 4 |u http://is.stuba.sk/zp/portal_zp.pl?podrobnosti=172520 
856 4 |u https://opac.crzp.sk/?fn=detailBiblioForm&sid=C0DEB8E07572332BAC210C15805F